Sports Quiz

Random Sports Quiz

Final Four Teams 2000's Quiz Stats

 Plays Quiz not verified by Sporcle

Challenge
Share
Tweet
Embed
Score 0/44 Timer 10:00
0 Plays Today
% Correct
Duke
99.5%
Duke
99.5%
Duke
99.5%
North Carolina
96.9%
North Carolina
96.9%
North Carolina
96.9%
North Carolina
96.9%
Michigan State
95.9%
Michigan State
95.9%
Michigan State
95.9%
Michigan State
95.9%
Michigan State
95.9%
Florida
92.8%
Florida
92.8%
Florida
92.8%
UCLA
92.3%
Kansas
92.3%
UCLA
92.3%
UCLA
92.3%
Kansas
92.3%
Kansas
92.3%
Connecticut
88.7%
% Correct
Connecticut
88.7%
Butler
88.2%
Ohio State
87.7%
Texas
86.2%
Syracuse
84.1%
Oklahoma
84.1%
Illinois
82.6%
George Mason
81%
Maryland
79.5%
Maryland
79.5%
Memphis
79%
Indiana
79%
Arizona
78.5%
Georgetown
77.4%
LSU
76.9%
Villanova
74.4%
Louisville
72.3%
Wisconsin
70.8%
West Virginia
69.7%
Georgia Tech
69.7%
Oklahoma State
65.6%
Marquette
59%

You're not logged in!

Compare scores with friends on all Sporcle quizzes.
Join for Free
OR
Log In

You Might Also Like...

Show Comments

Extras

Created Jan 3, 2011ReportNominate
Tags:2000, final, Final Four, four, team

Top Quizzes Today


Score Distribution

Your Account Isn't Verified!

In order to create a playlist on Sporcle, you need to verify the email address you used during registration. Go to your Sporcle Settings to finish the process.

Report this User

Report this user for behavior that violates our Community Guidelines.

Details: